| 000 | 01215nam a2200337 i 4500 | ||
|---|---|---|---|
| 001 | 014130955 | ||
| 003 | EG-ScBUE | ||
| 005 | 20240402121806.0 | ||
| 008 | 060819r20111927ii f 001 0aeng d | ||
| 020 | _a9788172290818 | ||
| 040 |
_aEG-ScBUE _beng _erda _cEG-ScBUE _dEG-ScBUE |
||
| 043 | _aa-ii--- | ||
| 082 | 0 | 4 |
_222 _a954.0340924 _bGAN |
| 100 | 1 |
_aGandhi, _cMahatma, _d1869-1948, _eauthor. _934504 |
|
| 245 | 1 | 3 |
_aAn autobiography : _bor, The story of my experiments with truth / _cby M. K. Gandhi ; translated from the Gujarati by Mahadev Desai. |
| 250 | _aReprint edition. | ||
| 264 | 1 |
_aAhmedabad, India : _bNavajivan Pub. House, _c2011. |
|
| 300 |
_axii, 492 pages ; _c21 cm |
||
| 336 |
_2rdacontent _atext _btxt |
||
| 337 |
_aunmediated _2rdamedia _bn |
||
| 338 |
_avolume _bnc _2rdacarrier |
||
| 500 | _aIncludes index. | ||
| 546 | _aText in English ; translated from the original Hindi. | ||
| 600 | 0 | 7 |
_2BUEsh _aGandhi, _cMahatma, _d1869-1948. |
| 650 | 7 |
_2BUEsh _aStatesmen _zIndia _xBiography. |
|
| 653 | _cNovember2013 | ||
| 655 | _vReading book | ||
| 700 | 1 |
_aDesai, Mahadev H. _q(Mahadev Haribhai), _d1892-1942, _etranslator. _934505 |
|
| 942 |
_2ddc _cBB |
||
| 999 |
_c17771 _d17743 |
||